LEADER 00827cam2 22002531 450 001 SOBE00054333 005 20161228110743.0 100 $a20161228g00009999|||||ita|0103 ba 101 $aita 102 $aIT 200 0 $a2 210 $aRoma$cCanesi Editore$d1962 215 $aP. 425-845, [160] p. di tav.$cill.$d25 cm 461 1$1001E600200001381$12001 $aCaffè letterari / [a cura di] Enrico Falqui ; con scritti di Accolti ... [et al.] 700 1$aFalqui$b, Enrico$3AF00014732$4070$0446111 801 0$aIT$bUNISOB$c20161228$gRICA 850 $aUNISOB 852 $aUNISOB$j850$m60616 912 $aSOBE00054333 940 $aM 102 Monografia moderna SBN 941 $aW 957 $a850$b002149$i-2$gSI$d60616$1rovito$2UNISOB$3UNISOB$420161228110600.0$520161228110732.0$6rovito 996 $a2$91727579 997 $aUNISOB LEADER 02065nam0 22004213i 450 001 VAN00216112 005 20240806101244.551 017 70$2N$a9783030343835 100 $a20210924d2019 |0itac50 ba 101 $aeng 102 $aCH 105 $a|||| ||||| 200 1 $aInclusive b Jet Production in Proton-Proton Collisions$ePrecision Measurement with the CMS experiment at the LHC at ? s$d13 TeV$eDoctoral Thesis accepted by The University of Hamburg, Hamburg, Germany$fPatrick L.S. Connor 210 $aCham$cSpringer$d2019 215 $axxvii, 309 p.$cill.$d24 cm 410 1$1001VAN00104193$12001 $aSpringer theses$erecognizing outstanding Ph.D. research$1210 $aBerlin$cSpringer$d2010- 500 1$3VAN00216113$aInclusive b Jet Production in Proton-Proton Collisions$91870796 606 $a70-XX$xMechanics of particles and systems [MSC 2020]$3VANC021390$2MF 606 $a81-XX$xQuantum theory [MSC 2020]$3VANC019967$2MF 606 $a81Txx$xQuantum field theory; related classical field theories [MSC 2020]$3VANC027580$2MF 610 $aBeauty physics$9KW:K 610 $aHigh-Energy Physics$9KW:K 610 $aInclusive B Jets$9KW:K 610 $aInclusive Jets$9KW:K 610 $aPrecision Measurement of b jet$9KW:K 610 $aProton Proton Collisions$9KW:K 610 $aTracker Alignment$9KW:K 620 $aCH$dCham$3VANL001889 700 1$aConnor$bPatrick L. S.$3VANV184651$0837313 712 $aSpringer $3VANV108073$4650 801 $aIT$bSOL$c20241115$gRICA 856 4 $uhttp://doi.org/10.1007/978-3-030-34383-5$zE-book ? Accesso al full-text attraverso riconoscimento IP di Ateneo, proxy e/o Shibboleth 899 $aBIBLIOTECA DEL DIPARTIMENTO DI MATEMATICA E FISICA$1IT-CE0120$2VAN08 912 $fN 912 $aVAN00216112 950 $aBIBLIOTECA DEL DIPARTIMENTO DI MATEMATICA E FISICA$d08DLOAD e-book 3923 $e08eMF3923 20210924 996 $aInclusive b Jet Production in Proton-Proton Collisions$91870796 997 $aUNICAMPANIA